Medicinal chemistry of nucleic acids /

Covering all areas of the medicinal chemistry and therapeutic applications of nucleic acids, this book provides up-to-date coverage of the broad area of nucleic acid chemistry and biology. The book lays out the basic principles of medicinal chemistry of nucleic acids before focusing on the developme...

Full description

Bibliographic Details
Other Authors: Chattopadhyaya, Jyoti, Xi, Zhen, Zhang, Li-He
Format: eBook
Language:English
Published: Hoboken, N.J. : John Wiley & Sons, [2011]
Series:Wiley online library.
Subjects:
Online Access:Connect to the full text of this electronic book

MARC

Tag First Indicator Second Indicator Subfields
LEADER 00000cam a2200000Ka 4500
001 in00002711713
005 20210727155951.0
006 m d
007 cr cn|||||||||
008 110811s2011 nju o 001 0 eng d
019 |a 748534091  |a 751970372 
020 |a 1118092805 (electronic bk.) 
020 |a 6613239909 
020 |a 9781118092804 (electronic bk.) 
020 |a 9786613239907 
035 |a (OCoLC)746324268  |z (OCoLC)748534091  |z (OCoLC)751970372 
035 |a (OCoLC)ocn746324268 
035 |a 3922908 
037 |a 10.1002/9781118092804  |b Wiley InterScience  |n http://www3.interscience.wiley.com 
040 |a DG1  |b eng  |c DG1  |d IDEBK  |d OCLCQ  |d TXA  |d UtOrBLW 
049 |a TXAM 
050 4 |a RS400  |b .M438 2011eb 
060 4 |a QV 185 
082 0 4 |a 615/.19  |2 22 
245 0 0 |a Medicinal chemistry of nucleic acids /  |c edited by Li He Zhang, Zhen Xi, Jyoti Chattopadhyaya. 
264 1 |a Hoboken, N.J. :  |b John Wiley & Sons,  |c [2011] 
264 4 |c ©2011 
300 |a 1 online resource. 
336 |a text  |b txt  |2 rdacontent 
337 |a computer  |b c  |2 rdamedia 
338 |a online resource  |b cr  |2 rdacarrier 
500 |a Electronic resource. 
500 |a Includes index. 
505 0 |a Recent advances in carbocyclic nucleosides : synthesis and biological activity / Jianing Wang, Ravindra K. Rawal, and Chung K. Chu -- Structures and functions of nucleic acids modified with S, Se, and Teand complexed with small molecules / Wen Zhang, Jia Sheng, and Zhen Huang -- Unraveling of the NAD cyclizing and calcium signaling functions of human CD38 / Hon Cheung Lee -- DNA and RNA binding small molecules / Shibo Li and Zhen Xi -- G-quadruplex DNA and its ligands in anticancer therapy / Zhi-shu Huang ... [et al.] -- Molecular modeling in nucleic acid targeted drug design / Lidan Sun ... [et al.] -- Structure of 10-23 DNAzyme in complex with the target RNA in silico : a progress report on the mechanism of RNA cleavage by DNA enzyme / Oleksandr Plashkevych and Jyoti Chattopadhyaya -- Labeling oligonucleotides towards the biomedical probe / Il Joon Lee and Byeang Hyean Kim -- Locked nucleic acid oligonucleotides towards clinical application / Rakesh N. Veedu and Jesper Wengel -- The pharmacokinetics researches of nucleic acid drugs / Shengqi Wang -- Inducible RNAi and drug target validation / Wei Xiong ... [et al.] -- SiRNA : the specificity and off-target effects -- Quan Du, Huang Huang, Zicai Liang. 
520 |a Covering all areas of the medicinal chemistry and therapeutic applications of nucleic acids, this book provides up-to-date coverage of the broad area of nucleic acid chemistry and biology. The book lays out the basic principles of medicinal chemistry of nucleic acids before focusing on the development and application of modified nucleosides and nucleotides in medicinal chemistry. Cutting-edge subjects for drug discovery like antisense, RNAi, and siRNA are also discussed, and help the target audience of chemists, pharmaceutical researchers, and academics understand the use of nucleic acid drugs to treat diseases. 
588 |a Description based on print version record. 
650 1 2 |a Nucleic Acids  |x pharmacology.  |0 https://id.nlm.nih.gov/mesh/D009696Q000494 
650 2 2 |a Nucleic Acids  |x therapeutic use.  |0 https://id.nlm.nih.gov/mesh/D009696Q000627 
650 0 |a Nucleic acids  |x Therapeutic use. 
650 0 |a Pharmaceutical chemistry.  |0 http://id.loc.gov/authorities/subjects/sh85023026 
655 4 |a Electronic resource. 
655 7 |a Electronic books.  |2 local 
700 1 |a Chattopadhyaya, Jyoti.  |0 http://id.loc.gov/authorities/names/n2011180831 
700 1 |a Xi, Zhen.  |0 http://id.loc.gov/authorities/names/n2011180830 
700 1 |a Zhang, Li-He.  |0 http://id.loc.gov/authorities/names/n2011180829 
776 0 8 |i Print version:  |t Medicinal chemistry of nucleic acids.  |d Hoboken, N.J. : John Wiley & Sons, Inc., c2011  |z 9780470596685  |w (DLC) 2011008300  |w (OCoLC)705260904 
830 0 |a Wiley online library. 
856 4 0 |u http://proxy.library.tamu.edu/login?url=https://dx.doi.org/10.1002/9781118092804  |z Connect to the full text of this electronic book  |t 0 
948 |a cataloged  |b h  |c 2011/9/21  |d c  |e jlanham  |f 1:22:36 pm 
994 |a C0  |b TXA 
999 |a MARS 
999 f f |s 7c2ddaee-4c26-3b33-a282-63a36b542bb3  |i 31568550-dac8-3511-a997-92850e307b77  |t 0 
952 f f |a Texas A&M University  |b College Station  |c Electronic Resources  |d Available Online  |t 0  |e RS400 .M438 2011eb  |h Library of Congress classification 
998 f f |a RS400 .M438 2011eb  |t 0  |l Available Online